Dobrý rok i sklamanie
Doplnkové dôchodkové poistenie a jeho podiel na trhu. Výhody doplnkového dôchodkového poistenia. Prehľad poisťovní na Slovensku pôsobiacich v oblasti doplnkového dôchodkového poistenia.
Enregistré dans:
| Auteur principal: | |
|---|---|
| Format: | Chapitre de livre |
| Langue: | slovaque |
| Sujets: | |
| Tags: |
Pas de tags, Soyez le premier à ajouter un tag!
|
MARC
| LEADER | 00000naa a2200000 4500 | ||
|---|---|---|---|
| 001 | r044047 | ||
| 005 | 20230920074035.2 | ||
| 041 | 0 | |a slo | |
| 044 | |a SK | ||
| 245 | 1 | 0 | |a Dobrý rok i sklamanie |c Dagmar Krištofičová |
| 520 | |a Doplnkové dôchodkové poistenie a jeho podiel na trhu. Výhody doplnkového dôchodkového poistenia. Prehľad poisťovní na Slovensku pôsobiacich v oblasti doplnkového dôchodkového poistenia. | ||
| 610 | 2 | 0 | |a poistenie dôchodkové doplnkové |
| 610 | 2 | 0 | |a poisťovne |
| 610 | 2 | 0 | |a trh |
| 610 | 2 | 0 | |a zamestnávatelia |
| 610 | 2 | 0 | |a dôchodcovia |
| 610 | 2 | 0 | |a úspory |
| 610 | 2 | 0 | |a Slovensko |
| 100 | 1 | |a Krištofičová, Dagmar | |